Music Quiz

Random Music or Bands Quiz
Score 0/40 Timer 06:00
0 Plays Today
Years Band Name % Correct
1996, 1997, 1998, 2000, 2002, 2003, 2006, 2007, 2008, 2010Ozzy Osbourne
93.7%
1997, 1999, 2001, 2004, 2005Black Sabbath
90.1%
1999, 2001, 2004Slipknot
75.4%
1996, 1999, 2004Slayer
64.8%
1997, 2000Pantera
63.4%
2000, 2001, 2002, 2004, 2005, 2006, 2010Black Label Society
61.3%
1998, 1999, 2002, 2006System of a Down
60.6%
1999, 2002, 2005Rob Zombie
55.6%
2000, 2001, 2003, 2006Disturbed
54.2%
1997, 2001, 2003Marilyn Manson
53.5%
2001, 2002, 2004, 2006, 2007Hatebreed
42.3%
2004, 2007Lamb of God
40.8%
2004, 2007, 2008, 2010DevilDriver
39.4%
2003, 2005, 2008Shadows Fall
35.2%
1996, 1997, 1998Coal Chamber
33.8%
1999, 2000Godsmack
33.8%
2001, 2005Mudvayne
33.8%
1998, 2000Soulfly
33.1%
2003, 2005Killswitch Engage
32.4%
2001, 2002, 2008, 2010Drowning Pool
31.7%
Years Band Name % Correct
1996, 1997, 1999Fear Factory
30.3%
1999, 2000, 2007Static-X
30.3%
1998, 2008Sevendust
23.9%
2004, 2006Lacuna Coil
22.5%
2002, 2003Chevelle
21.1%
1998, 2000Incubus
19%
2004, 2006Bleeding Through
17.6%
2000, 2002P.O.D.
16.9%
2001, 2002, 2004Otep
16.9%
2004, 2006Unearth
16.2%
1996, 1997Powerman 5000
15.5%
2000, 2001Crazy Town
13.4%
2000, 2001Taproot
12.7%
2004, 2006Atreyu
12.7%
2001, 2010Nonpoint
9.9%
2008, 2010Goatwhore
9.2%
1999, 2000Apartment 26
8.5%
1996, 1997Neurosis
7.7%
2007, 2008In This Moment
7%
2008, 2010Kingdom of Sorrow
4.9%
Remove Ads.
Support Sporcle.
Get the best of Sporcle when you Go Orange. This ad-free experience offers more features, more stats, and more fun while also helping to support Sporcle. Thank you for becoming a member.

You're not logged in!

Compare scores with friends on all Sporcle quizzes.
OR
Log In

Show Comments

Extras

Top Quizzes Today


Score Distribution

Your Account Isn't Verified!

In order to create a playlist on Sporcle, you need to verify the email address you used during registration. Go to your Sporcle Settings to finish the process.

Report this User

Report this user for behavior that violates our Community Guidelines.

Details: